50 Flicks to Click (1995) Quiz Stats

 Plays Quiz Updated May 14, 2018

Challenge
Share
Tweet
Embed
Score 0/50 Timer 07:00
1 Play Today
% Correct
Hard
94.2%
Usual
93.3%
Sensibility
93.2%
Walking
92.9%
Old
91.9%
Nature
91.9%
Toy
91.3%
Sleeping
91.1%
Kombat
90.7%
Apollo
90.4%
Talk
89.9%
Die
89.4%
Twelve
88.9%
Leaving
88.1%
Scarlet
87%
Bridges
86.5%
Shorty
84.4%
Crimson
83.9%
Dredd
83.4%
Dangerous
83%
Boys
82.8%
Exhale
81.5%
Opus
81.1%
Madison
80.3%
Everything
79.4%
% Correct
Indian
78.9%
Batman
78.6%
Roy
78%
American
77.8%
French
77.5%
Dead
76.4%
Claiborne
75.3%
Devil
75.1%
Boy
74.3%
Payne
73.7%
Dumbo
72.8%
Quick
72.5%
Island
69.7%
Nude
68.6%
Mnemonic
68.2%
Side
68.2%
Records
67.8%
Aphrodite
67.1%
Basketball
66.5%
Days
64.2%
Presidents
62.7%
Before
61.9%
Quilt
61.1%
Crossing
60.7%
Girl
59.7%

You're not logged in!

Compare scores with friends on all Sporcle quizzes.
Join for Free
OR
Log In

You Might Also Like...

Show Comments

Extras

Top Quizzes Today


Score Distribution

Your Account Isn't Verified!

In order to create a playlist on Sporcle, you need to verify the email address you used during registration. Go to your Sporcle Settings to finish the process.

Report this User

Report this user for behavior that violates our Community Guidelines.

Details: